1163 1141 1411 1926 1727 1843 1856 1409 1894 1560 1001 1092 1056 1498 1423 1657 1907 1106 1867 1570 1892 1845 1540 1277 1450 1877 1052 1319 1246 1220 1555 1256 1676 1780 1395 1134 1761 1034 1233 1735 1148 1134 1581 1309 1270 1497 1407 1286 1116 1626 1414 1798 1740 1476 1143 1656 1822 1491 1244 1230 1330 1339 1481 1821 1691 1108 1206 1280 1738 1919 1967 1171 1365 1192 1463 1124 1150 1530 1088 1228 1796 1885 1242 1947 1922 1861 1440 1677 1696 1416 1291 1952 1002 1072 1831 1871 1638 1628 1921 BCNSPRNW ULIB Ver.6.0+V

เปลี่ยนเป็นภาษาไทย

Change to English
 แสดงรายละเอียดบรรณานุกรม
  กลับหน้าหลัก

Brief Record : Get Marc (ISO 2709) : E-mail record : QR code < ปิดหน้าต่าง
LEADER : 00000nam 2200000uu 4500
001    13399129195
003     ULIB
008    260511s2568||||th 000 0 tha d
020    ^a9786166235555
060  4 ^aWY157^bบ668ส
100 0  ^aบุศรา แสงสว่าง
245 1  ^aสตรีที่มีภาวะเสี่ยงในระยะตั้งครรภ์ : การพยาบาลในระยะตั้งครรภ์ ระยะคลอด และระยะหลังคลอด =^bHigh-risk women in pregnancy : nursing care during pregnancy, delivery and postpartum period /^cบุศรา แสงสว่าง
246 3  ^aการพยาบาลในระยะตั้งครรภ์ ระยะคลอด และระยะหลังคลอด
246 3  ^aHigh-risk women in pregnancy : nursing care during pregnancy, delivery and postpartum period
246 3  ^aHigh-risk women in pregnancy :^bnursing care during pregnancy, delivery and postpartum period.
250    ^aพิมพ์ครั้งที่ 1.
260    ^aกรุงเทพฯ :^bจุฬาลงกรณ์มหาวิทยาลัย,^c2568
300    ^a220 หน้า
505 2  ^aบทนำ ภาวะเสี่ยงในระยะตั้งครรภ์และการประเมิน -- บทที่ 1 การพยาบาลสตรีที่มีการตั้งครรภ์วัยรุ่น -- บทที่ 2 การพยาบาลสตรีที่มีการตั้งครรภ์อายุมาก -- บทที่ 3 การพยาบาลสตรีที่มีการตั้งครรภ์ไม่พึงประสงค์ -- บทที่ 4 การพยาบาลสตรีที่ถูกกระทำความรุนแรงในขณะตั้งครรภ์ -- บทที่ 5 การพยาบาลสตรีที่มีการใช้สารเสพติดในขณะตั้งครรภ์ -- บทที่ 6 การพยาบาลสตรีที่มีภาวะทารกตายในครรภ์ -- บทที่ 7 การพยาบาลสตรีที่มีภาวะทารกในครรภ์มีความผิดปกติ.
610    ^aaการพยาบาลมารดาทารกและการผดุงครรภ์.
650  4 ^aการตั้งครรภ์
650  4 ^aการตั้งครรภ์^xภาวะแทรกซ้อน
650  4 ^aการผดุงครรภ์.
650  4 ^aการพยาบาลสูติศาสตร์.
650  4 ^aเขตพัฒนาพิเศษภาคตะวันออก (อีอีซี).
650  4 ^aครรภ์^xการพยาบาล
650  4 ^aพยาบาลผดุงครรภ์.
650  4 ^aภาวะแทรกซ้อนขณะตั้งครรภ์
650  4 ^aสตรีมีครรภ์
650  4 ^aสตรีมีครรภ์^xการพยาบาล
650  4 ^aอุตสาหกรรมการแพทย์ครบวงจร.
653    ^aSDG3.
653    ^aSDGs.
654    ^aNursing
654    ^aการพยาบาลมารดาทารกและการผดุงครรภ์
655  4 ^aHealth Sciences Branch.
695    ^aHealth Sciences.
999    ^aประนอม เกษจรัล
รายการนี้ยังไม่มีแท็ก
คุณยังไม่ได้ล็อกอิน คุณสามารถมีกิจกรรมร่วมกับเว็บไซต์ได้ แต่ต้องล็อกอินก่อน ::
  ล็อกอิน

รายการสื่อสารสนเทศ

ลำดับที่ ประเภท เลขเรียก/บาร์โค้ด สถานที่ สถานะ
1. Book การพยาบาล
หนังสือสำรอง
สถานะ=หนังสือสำรอง
WY157 บ668ส ฉ.1 
  Barcode: 012101
ห้องสมุดวิทยาเขตสวรรค์ประชารักษ์
►หนังสือทั่วไป
บนชั้น

รายการใกล้เคียง
    หัวเรื่อง [การตั้งครรภ์]
    หัวเรื่อง [การผดุงครรภ์.]
    หัวเรื่อง [การพยาบาลสูติศาสตร์.]
    หัวเรื่อง [เขตพัฒนาพิเศษภาคตะวันออก (อีอีซี).]
    หัวเรื่อง [ครรภ์ การพยาบาล]
    หัวเรื่อง [ภาวะแทรกซ้อนขณะตั้งครรภ์]
    หัวเรื่อง [สตรีมีครรภ์]
    หัวเรื่อง [สตรีมีครรภ์ การพยาบาล]
    หัวเรื่อง [อุตสาหกรรมการแพทย์ครบวงจร.]

BibComment


ยังไม่เคยถูกคอมเมนท์

คอมเมนท์ทรัพยากรรายการนี้
  คอมเมนท์: สตรีที่มีภาวะเสี..


 Copyright 2026. Bcnsprnw @Library